Data mining for business intelligence: concepts, techniques, and applications in Microsoft Excel with XLMiner

Збережено в:
Бібліографічні деталі
Автори: Shmueli, Galit (Автор), Patel, Nitin R (Автор), Bruce, Peter C (Автор)
Формат: Книга
Мова:Англійська
Опубліковано: Hoboken John Wiley and Sons 2010
Редагування:2a. ed
Предмети:
Теги: Додати тег
Немає тегів, Будьте першим, хто поставить тег для цього запису!

MARC

LEADER 00000cam a2200000 a 4500
001 UCF7101
003 CL-VaPUC
008 130606e20100000US |||||||||||||||||eng|d
020 |a 9780470526828 
082 0 4 |a 005.54  |b SHM  |2 21 
100 0 |a Shmueli, Galit  |e author  |9 569071 
700 0 |a Patel, Nitin R  |e author  |9 569072 
700 0 |a Bruce, Peter C  |e author  |9 569073 
245 1 0 |a Data mining for business intelligence: concepts, techniques, and applications in Microsoft Excel with XLMiner 
250 |a 2a. ed 
300 |a 404 p 
942 |c BK 
945 |d 20130606 00:00:00  |a dcastane 
260 |a Hoboken  |b John Wiley and Sons  |c 2010 
600 0 7 |a MICROSOFT EXCEL  |2 CL-VaPUC  |9 569074 
650 0 |a Proceso de datos   |9 259776 
650 0 |a Minería de datos  |9 569075 
650 0 |a Data mining (Minería de datos)   |9 493858 
583 |a last modification  |c 20130606 11:56:00  |k Rodrigo Vera 
999 |c 352020  |d 352018 
952 |0 0  |1 0  |4 0  |6 005_540000000000000_SHM_2010  |7 0  |8 A  |9 456520  |a BIBING  |b BIBING  |d 2019-11-22  |i 4978757  |o 005.54 SHM 2010  |p 4978757  |r 2025-01-20  |w 2019-11-22  |y BK  |k EII